| 000 | 00346nam a2200145Ia 4500 | ||
|---|---|---|---|
| 008 | 230917s9999||||xx |||||||||||||| ||und|| | ||
| 040 |
_e252042 _aMAIN |
||
| 041 | _aEnglish | ||
| 082 | _a954.03 A36M | ||
| 100 | _aAshok Kumar | ||
| 245 | 0 | _aMorley-Minto adhiniyam aur sampradayik rajneeti | |
| 260 | _c2015 | ||
| 300 | _a129 p. | ||
| 942 | _cTH | ||
| 999 |
_c128298 _d128298 |
||